00876nam a2200193 a 450000100100000000500170001000800410002704000250006808200210009310000250011424500690013926000340020830000270024259000270026995201250029695201190042195201250054099900170066500004553820201002052314.0150414s2004 dr a 000 0 spa d aDO-SdBNPbspacBNPHU axxxxxxxbxxxxxxx1 aNova, Willian97359710aMétodo de aprendizaje para personas iletradas /cWillian Nova. a[s. l.], :b[s.e.],c[s. f.]. a59 p. :bil. ;c28 cm. aInventariado, 2018/ YL 0010718DSaGRbGRcCTd2018-10-16iLF1l0oxxxxxxx xxxxxxxp45538-30r2020-06-25te. 3w2020-06-25yLFDSZNo se presta 0010718PDaPDbPDcCTd2015-04-14iLF1l0oxxxxxxx xxxxxxxp45538-10r2020-06-25w2020-06-25yLFPDZNo se presta 0010718PDaPDbPDcCTd2018-10-16iLF1l0oxxxxxxx xxxxxxxp45538-20r2020-06-25te. 2w2020-06-25yLFPDZNo se presta c45027d45027